• AIU
  • Tony Wilmot Memorial Library

Learning Web design : (Record no. 59407)

MARC details
000 -LEADER
fixed length control field 01302cam a22003254i 4500
001 - CONTROL NUMBER
control field 17786266
003 - CONTROL NUMBER IDENTIFIER
control field OSt
005 - DATE AND TIME OF LATEST TRANSACTION
control field 20161207020005.0
008 - FIXED-LENGTH DATA ELEMENTS--GENERAL INFORMATION
fixed length control field 130620t20122012cc a 001 0 eng
010 ## - LIBRARY OF CONGRESS CONTROL NUMBER
LC control number 2013409765
020 ## - INTERNATIONAL STANDARD BOOK NUMBER
International Standard Book Number 9781449319274 (paperback)
040 ## - CATALOGING SOURCE
Original cataloging agency DLC
Language of cataloging eng
Transcribing agency DLC
Description conventions rda
Modifying agency DLC
042 ## - AUTHENTICATION CODE
Authentication code pcc
050 00 - LIBRARY OF CONGRESS CALL NUMBER
Classification number TK5105.888
Item number .N489 2012
082 00 - DEWEY DECIMAL CLASSIFICATION NUMBER
Classification number 006.7
Edition number 23
100 1# - MAIN ENTRY--PERSONAL NAME
Personal name Niederst Robbins, Jennifer.
9 (RLIN) 28352
245 10 - TITLE STATEMENT
Title Learning Web design :
Remainder of title a beginner's guide to HTML, CSS, JavaScript, and web graphics /
Statement of responsibility, etc Jennifer Niederst Robbins.
250 ## - EDITION STATEMENT
Edition statement Fourth edition.
300 ## - PHYSICAL DESCRIPTION
Extent xv, 603 pages :
Other physical details color illustrations ;
Dimensions 25 cm
500 ## - GENERAL NOTE
General note Includes index.
650 #0 - SUBJECT ADDED ENTRY--TOPICAL TERM
Topical term or geographic name as entry element Web sites
General subdivision Design
Form subdivision Handbooks, manuals, etc.
9 (RLIN) 28353
650 #0 - SUBJECT ADDED ENTRY--TOPICAL TERM
Topical term or geographic name as entry element Web sites
General subdivision Authoring programs
Form subdivision Handbooks, manuals, etc.
9 (RLIN) 28354
650 #0 - SUBJECT ADDED ENTRY--TOPICAL TERM
Topical term or geographic name as entry element HTML (Document markup language)
Form subdivision Handbooks, manuals, etc.
9 (RLIN) 28355
650 #0 - SUBJECT ADDED ENTRY--TOPICAL TERM
Topical term or geographic name as entry element Cascading style sheets
Form subdivision Handbooks, manuals, etc.
9 (RLIN) 28356
650 #0 - SUBJECT ADDED ENTRY--TOPICAL TERM
Topical term or geographic name as entry element JavaScript (Computer program language)
Form subdivision Handbooks, manuals, etc.
9 (RLIN) 28357
650 #0 - SUBJECT ADDED ENTRY--TOPICAL TERM
Topical term or geographic name as entry element Computer graphics
Form subdivision Handbooks, manuals, etc.
9 (RLIN) 28358
906 ## - LOCAL DATA ELEMENT F, LDF (RLIN)
a 7
b cbc
c orignew
d 2
e ncip
f 20
g y-gencatlg
942 ## - ADDED ENTRY ELEMENTS (KOHA)
Source of classification or shelving scheme Library of Congress Classification
Koha item type Books
Koha issues (borrowed), all copies 5
Holdings
Withdrawn status Lost status Source of classification or shelving scheme Damaged status Not for loan Collection code Home library Current library Shelving location Date acquired Source of acquisition Cost, normal purchase price Total Checkouts Total Renewals Full call number Barcode Date last seen Date checked out Copy number Price effective from Koha item type
    Library of Congress Classification     General Circulation AIU/NEGST - Tony Wilmot Memorial Library AIU/NEGST - Tony Wilmot Memorial Library General Stacks 07/09/2014 Through TBN 31.30 18 2 TK 5105.888.N489 2012 R29590M3232 02/14/2020 01/22/2020 1 07/09/2014 Books